| 000 | 00605cam a22001814a 4500 | ||
|---|---|---|---|
| 005 | 20250605164400.0 | ||
| 008 | 250528s ||||||||||||||||||||||||d | ||
| 035 | _a24570 | ||
| 040 |
_aGR-AtMCL _bgre _dGR-AtMCL _eAACR2 |
||
| 245 | 1 | _aCover Story: How Excellent MEMS Microphones Turn Laptops into Communication Systems | |
| 260 |
_bEe Times Europe, _c2021 |
||
| 300 | _a59 | ||
| 520 | _aBeyond 5G and Toward 6G, Special Report: Embedded Vision, AV Safety-Report Scorecard Reveals Gaps in Information. | ||
| 700 | 1 |
_aPele Anne Francoise _99414 |
|
| 942 | _cCR | ||
| 999 |
_c9441 _d9441 |
||